| 000 | 01001nas a2200301 4500 | ||
|---|---|---|---|
| 001 | BR0808033 | ||
| 003 | BR-BrBNA | ||
| 005 | 20231205112801.0 | ||
| 007 | ta | ||
| 008 | 230509b bl.|||p| |||| 00| 00por d | ||
| 040 |
_aBR-BrBNA _bpor _cBiblioteca Nacional de Agricultura |
||
| 041 | _a(En) | ||
| 072 | _aL73; L70 | ||
| 100 | 1 | _aFerreira Neto, J.S. | |
| 100 | 1 | _aPinheiro, S.R. | |
| 100 | 1 | _aMoraes, Z.M. | |
| 100 | 1 | _aRocha, L.C.S. | |
| 100 | 1 | _aSinhorini, I.L. | |
| 100 | 1 | _aIto, F.H. | |
| 100 | 1 | _aVasconcelos, S.A. | |
| 245 | 1 | _aQuantitative evaluation of tuberculosis evolution in hamsters submitted to an eight-week Trichlorfon treatment and infected with Mycobacterium bovis, strain AN5 | |
| 650 | _aHAMSTER | ||
| 650 | _aDOENÇA ANIMAL | ||
| 650 | _aTUBERCULOSE | ||
| 773 | 0 |
_tBrazilian Journal of Veterinary Research and Animal Science (Brazil) _xISSN 1413-9596 _g(1996), v. 33(3) p. 139-143 _wBR0808033 |
|
| 909 |
_a202311 _bLúcia _c55 _dLúcia Elande |
||
| 942 |
_2AGRIS _n0 _cANA |
||
| 999 |
_c199956 _d199956 |
||